000 00501nam a2200169 i 4500
001 146398
003 ES-MaACL
005 20250811074512.0
007 t|
008 070907s1951 sp ||||1| spa d
110 1 0 _aEspaña.
_bTribunal Supremo
_94004
245 1 0 _aCatálogo sistemático de su biblioteca /
_cTribunal Supremo.
260 _aMadrid :
_bInstituto Editorial Reus,
_c1951.
300 _a331 p. ;
_c24 cm.
852 _aES-MaACL
_jD-7164
_bR.31410
999 _c146398
_d146398